| 000 | 00908nas a2200301 4500 | ||
|---|---|---|---|
| 001 | BR0303151 | ||
| 003 | BR-BrBNA | ||
| 005 | 20231205103921.0 | ||
| 007 | ta | ||
| 008 | 230509b bl.|||p| |||| 00| 00por d | ||
| 040 |
_aBR-BrBNA _bpor _cBiblioteca Nacional de Agricultura |
||
| 041 | _a(Pt) | ||
| 072 | _aC10 | ||
| 100 | 1 | _aDeliza, R. | |
| 100 | 1 | _aRosenthal, A. | |
| 100 | 1 | _aCosta, M.C. da | |
| 245 | 1 | _aTradução e validação para a língua portuguesa de questionário utilizado em estudos de consumidor | |
| 650 | _aEDUCAÇÃO | ||
| 650 | _aCONSUMIDOR | ||
| 650 | _aALIMENTO | ||
| 650 | _aNUTRIÇÃO HUMANA | ||
| 650 | _aPROPAGANDA | ||
| 650 | _aPESQUISA DE MERCADO | ||
| 650 | _aEMBALAGEM | ||
| 773 | 0 |
_tCiência e Tecnologia de Alimentos (Brazil) _xISSN 0101-2061 _g(Jan-Apr 2003), v. 23(1) p. 43-48 _wBR0303151 |
|
| 909 |
_a202311 _bLúcia _c55 _dLúcia Elande |
||
| 942 |
_2AGRIS _n0 _cANA |
||
| 999 |
_c175423 _d175423 |
||